Statistics for Countries by Largest Shopping Mall

Click here to take the quiz!

General Stats

  • This quiz has been taken 86 times
  • The average score is 6 of 10

Answer Stats

MallArea (square metres)Country% Correct
South China Mall659,612China
96%
Mall of America520,257United States
96%
Central WestGate550,278Thailand
69%
Lotte World Mall383,470South Korea
66%
1 Utama519,328Malaysia
63%
SM Mall of Asia589,891Philippines
60%
Dream Mall400,000Taiwan
51%
Iran Mall1,450,000Iran
48%
The Avenues Mall400,000Kuwait
34%
Jamuna Future Park/Albrook Mall380,000Bangladesh/Panama
28%

Score Distribution

Percentile by Number Answered

Percent of People with Each Score

Your Score History

You have not taken this quiz